000 00601nam a2200193Ia 4500
003 GCL
008 140319s9999 xx 000 0 ara d
040 _aGCL /
_cGCL
082 0 4 _a301.06
_bط ع
100 1 _aطلعت ابراهيم لطفى
245 1 0 _aعلم اجتماع التنظيم /
_cطلعت ابراهيم لطفى
260 _aالقاهرة :
_bمكتبة غريب ،
_c1993
300 _a216 ص ؛
_c24 سم
490 _a
650 0 4 _aالادارة العامة
650 0 4 _aالمؤسسات الاجتماعية
650 0 4 _aالاجتماع، علم
942 _2ddc
_cBK
999 _c38891
_d38891